000 00350cam a2200145ua 4500
041 _aeng
_h
082 _a823.308
_bGAL/FL
100 _aGallico, Paul .
245 _aFlowers for Mrs Harris /
_cPaul Gallico.
_hTextual Documents
260 _aLondon :
_bLongman ,
_c1964.
300 _a119 ; .
504 _a
942 _cBK
999 _c12876
_d12876